| 000 | 00352nam a22001457a 4500 | ||
|---|---|---|---|
| 003 | OSt | ||
| 005 | 20220211151229.0 | ||
| 008 | 220211b |||||||| |||| 00| 0 eng d | ||
| 020 | _a0873716124 | ||
| 040 | _cHu | ||
| 082 | _a627.042 | ||
| 100 |
_aMartin _927185 |
||
| 245 | _aHydrodynamics & Transport For Water Quality Modeling | ||
| 942 |
_2ddc _cBOOKS _n0 |
||
| 999 |
_c30073 _d30073 |
||